Legal Medicine : An analysis of current medicolegal and risk management issues

Saved in:
Bibliographic Details
Corporate Author: Armed Forces Institute of Pathology (U.S.). Department of Legal Medicine.
Format: Book
Language:English
Published: Silver Spirng, MD : Armed Forces Institute of Pathology ; [1998].
Subjects:
Tags: Add Tag
No Tags, Be the first to tag this record!
LEADER 00928nam a22002415 4500
001 007779178-9
005 20160409182652.0
008 980501s1998 xxua b f00000 eng d
035 0 |a ocm41450962 
043 |a n-us--- 
245 0 0 |a Legal Medicine :  |b An analysis of current medicolegal and risk management issues 
246 3 0 |a Analysis of current medicolegal and risk management issues. 
260 |a Silver Spirng, MD :  |b Armed Forces Institute of Pathology ;  |c [1998]. 
300 |a 42 p. :  |b ill. ;  |c 28 cm. 
500 |a "An accredited continuing medical education workbook published my the Armed Forces Institute of pathology"--Cover. 
504 |a Includes bibliographical references. 
655 2 |a Legal Cases. 
651 2 |a United States. 
650 1 2 |a Legislation, Medical. 
650 2 2 |a Jurisprudence. 
710 2 |a Armed Forces Institute of Pathology (U.S.).  |b Department of Legal Medicine. 
988 |a 20110713 
906 |0 MH